De l'anglais au français (click quiz) - Statistiques

Statistiques générales
  • Ce quiz a été pris 147 fois
  • Le résultat moyen est 9 sur 10
Statistiques - réponses
Hint Réponse % Correct
Ambre entendue Amber heard
98%
Gars oublier Guy Forget
94%
Homme rayon Man Ray
94%
Olivier pierre Oliver Stone
93%
Rivière phénix River Phoenix
93%
Chrétien botte Christian Bale
90%
Petite révérence espoir Bob Hope
89%
Petite tape argent comptant Pat Cash
88%
Valet rubis Jack Ruby
84%
Tailleur rapide Taylor Swift
78%
Aucun quiz correspondant
Distribution des résultats
% des personnes avec chaque résultat
Percentile par nombre de réponses
Votre historique - résultats
Vous n’avez pas pris ce quiz